<?xml version="1.0" encoding="UTF-8"?>
<collection xmlns="http://www.loc.gov/MARC21/slim">
 <record>
  <leader>00773cam a2200181 7i4500</leader>
  <controlfield tag="001">0000136263</controlfield>
  <controlfield tag="005">20100218090000.0</controlfield>
  <controlfield tag="002">  0000001329</controlfield>
  <datafield tag="090" ind1="0" ind2="0">
   <subfield code="a">LP 54 FST 4 2002 </subfield>
  </datafield>
  <datafield tag="100" ind1="1" ind2="#">
   <subfield code="a">Teoh </subfield>
  </datafield>
  <datafield tag="235" ind1="0" ind2="0">
   <subfield code="a">Galvanic corrosion of aluminium - base alloy in metahanol - HCl </subfield>
   <subfield code="c">Teoh Choon Ping.</subfield>
  </datafield>
  <datafield tag="245" ind1="0" ind2="0">
   <subfield code="a">Project Report FST (Degree of Bachelor of Science (Hons.)  - Chemistry)2002.</subfield>
  </datafield>
  <datafield tag="260" ind1="#" ind2="#">
   <subfield code="a">Terengganu: </subfield>
   <subfield code="b">Kolej Universiti Sains dan Teknologi Malaysia (UPMT), </subfield>
   <subfield code="c">2002.</subfield>
  </datafield>
  <datafield tag="300" ind1=" " ind2=" ">
   <subfield code="a">x, 76 p.: </subfield>
   <subfield code="b">ill.(some col.); </subfield>
   <subfield code="c">30 cm..</subfield>
  </datafield>
  <datafield tag="502" ind1="#" ind2="#">
   <subfield code="a">The aim of the present work is the study of electrochemical behaviour of aluminium based alloy in methanol-HCI solutions</subfield>
  </datafield>
  <datafield tag="601" ind1="0" ind2="0">
   <subfield code="a">Galvanic corrosion </subfield>
  </datafield>
  <datafield tag="602" ind1="#" ind2="#">
   <subfield code="a">Laporan Projek FST 2002</subfield>
  </datafield>
  <datafield tag="999" ind1=" " ind2=" ">
   <subfield code="a">1100024751</subfield>
   <subfield code="b">Book</subfield>
   <subfield code="c">LAPORAN PROJEK</subfield>
   <subfield code="e">BILIK ARKIB</subfield>
  </datafield>
 </record>
</collection>
